banner-ar

LE ROGE ET LE BLEU: ESSAI SUR LE COMMUNISME DANS L'HISTOIRE FRANCAISE / (Record no. 16079)

MARC details
000 -الفاتح
حقل البيانات ثابتة الطول 00535nam a2200181Ia 4500
008 - عناصر البيانات ثابتة الطول - معلومات عامة
حقل البيانات ثابتة الطول 140319s9999 xx 000 0 eng d
040 ## - مصدر الفهرسة
وكالة الفهرسة الأصلية GCL /
وكالة النسخ GCL
082 04 - رقم تصنيف ديوى العشرى
رقم التصنيف 320.5320944
رقم المادة M R
100 1# - المدخل الرئيسى - إسم شخصى
الإسم الشخصى MARTELLIE, ROGER
245 10 - بيان العنوان
العنوان LE ROGE ET LE BLEU: ESSAI SUR LE COMMUNISME DANS L'HISTOIRE FRANCAISE /
بيان المسئوليه,etc MARTELLIE, ROGER
260 ## - PUBLICATION, DISTRIBUTION, ETC. (IMPRINT)
تاريخ النشر أو التوزيع 1995
300 ## - الوصف المادى
التعداد 286 P
650 04 - المدخل الاضافى بالموضوع-مصطلح موضوعى
مصطلح موضوعي POLITICAL RIGHTS
650 04 - المدخل الاضافى بالموضوع-مصطلح موضوعى
مصطلح موضوعي FRANCE - POLITICS
650 04 - المدخل الاضافى بالموضوع-مصطلح موضوعى
مصطلح موضوعي COMMUNISM - FRANCE
942 ## - عناصر المدخل الإضافي( كوها)
مصدر التصنيف او مخطط الترفيف Dewey Decimal Classification
Koha [default] item type كتاب
260 ## - PUBLICATION, DISTRIBUTION, ETC. (IMPRINT)
-- [S.N] :
-- LES EDITIONS DE L'ATELIUR ،
Holdings
حالة التراجع حالة الفقد حالة تلف ليس للاعارة المكان المؤقت الموقع الحالى تاريخ الاكتساب اجمالي اﻻعارات رقم الطلب الباركود تاريخ اخر مشاهدة تاريخ تفعيل السعر نوع وعاء كوها
        مكتبة القاهرة الكبرى مكتبة القاهرة الكبرى 03/26/2014   320.5320944\M R 29410 03/26/2014 03/26/2014 كتاب

Powered By

EGPV